Cariño malo - Malinche - Tálamo.

محفوظ في:
التفاصيل البيبلوغرافية
المؤلف الرئيسي: Stranger Rodríguez, Inés Margarita (autora)
التنسيق: كتاب
منشور في: Santiago, Chile: Cuarto Propio, 2007.
الطبعة:1ª edición
سلاسل:Libros del Estudiante
الموضوعات:
الوسوم: إضافة وسم
لا توجد وسوم, كن أول من يضع وسما على هذه التسجيلة!

MARC

LEADER 00000cam a2200000 a 4500
001 UCG9474
003 CL-VaPUC
005 20241121130113.0
008 241114t2007 ||||| |||| 00| 0 eng d
999 |c 445702  |d 445700 
020 |a 978-956-260-438-3 
040 |c Pontificia Universidad Católica de Valparaíso 
082 0 4 |a Ch862 STR 2007  |2 21 
100 |a Stranger Rodríguez, Inés Margarita  |e autora  |9 561055 
245 1 0 |a Cariño malo - Malinche - Tálamo. 
250 |a 1ª edición 
260 |a Santiago, Chile:  |b Cuarto Propio,  |c 2007. 
300 |a 131 páginas. 
490 0 |a Libros del Estudiante 
500 |a c.1 Donación Biblioteca Mayor de Filosofía y Educación. 5-11- 2024. 
583 |k Catalogador Asistente  |c 20241121 
650 0 |a Teatro chileno  |9 266701 
650 0 |a Dramas chilenos  |9 313819 
942 |c BK  |2 ddc 
952 |0 0  |1 0  |2 ddc  |4 0  |6 CH_862_000000000000000_STR_2007  |7 0  |8 A  |9 598025  |a BIBEDU  |b BIBEDU  |d 2024-11-14  |e Donación  |i 5663261  |o Ch862 STR 2007  |p 5663261  |r 2024-11-14  |t 1  |w 2024-11-14  |y BK  |k EDU